000 00550nam a2200205 4500
001 108327
003 ES-MaACL
005 20230906184625.0
007 t|
008 061121s1984 sp r ||||1| spa d
100 1 _aMontero, Isaac.
_982479
245 1 0 _aPájaro en una tormenta /
_cIsaac Montero.
250 _a[1. ª ed.].
260 _a[Barcelona] :
_bGrijalbo,
_c[1984]
300 _a511 p. ;
_c20 cm.
490 1 _aNarrativa ;
_v80
830 0 _aNarrativa ;
_v80
_9177839
852 _aES-MaACL
_jL-7843
_bR.106941
999 _c108327
_d108327